LEADER 01169nam0-2200397---450- 001 990000911830203316 005 20100113150819.0 010 $a88-13-19590-7 035 $a0091183 035 $aUSA010091183 035 $a(ALEPH)000091183USA01 035 $a0091183 100 $a20020128d1996----y0itay01 ba 101 $aita 102 $aIT 105 $aa 00||| 200 1 $a<> falso in scritture$fGennaro Pirone 210 $aPadova$cCEDAM$d1996 215 $aXI, 275 p.$cill.$d24 cm 225 2 $aLe leggi penali speciali$v2. 410 0$12001$aLe leggi penali speciali$v2. 606 $aPerizie grafiche 606 $aFalso in scrittura privata 676 $a363.2565 700 1$aPIRONE,$bGennaro$0238386 801 0$aIT$bsalbc$gISBD 912 $a990000911830203316 951 $aXXVI.1. Coll. 21/ 3 (COLL.PIS 2)$b11423 G$gXXVI.1. Coll. 21/ 3 (COLL. PIS)$d00270113 959 $aBK 969 $aGIU 979 $aPATTY$b90$c20020128$lUSA01$h1251 979 $c20020403$lUSA01$h1735 979 $aPATRY$b90$c20040406$lUSA01$h1703 979 $aRSIAV4$b90$c20100113$lUSA01$h1508 996 $aFalso in scritture$9656615 997 $aUNISA LEADER 01316nam0 22002533i 450 001 VAN0258219 005 20230511122153.435 100 $a20230511d1954 |0itac50 ba 101 $aita 102 $aIT 105 $a|||| ||||| 200 1 $aˆIl ‰problema dei rapporti burocratico-legislativi tra Occidente e Oriente nel basso impero romano alla luce delle inscriptiones e subscriptiones delle costituzioni imperiali$fM. Antonio De Dominicis 210 $aPavia$cTip. Successori Fratelli Fusi$d1954 215 $a329-487 p. , [7]c. di tav.$d25 cm. 300 $aEstr. da: Rendiconti dell'Istituto lombardo di scienze e lettere 620 $dPavia$3VANL000064 700 1$aDe Dominicis$bMario Antonio Filippo$f1900-1980$3VANV212086$0238103 712 $aFusi & C.$3VANV134880$4650 801 $aIT$bSOL$c20230728$gRICA 899 $aBIBLIOTECA DEL DIPARTIMENTO DI GIURISPRUDENZA$1IT-CE0105$2VAN00 912 $aVAN0258219 950 $aBIBLIOTECA DEL DIPARTIMENTO DI GIURISPRUDENZA$d00CONS BL.900M.1946 5 $e00BL 258219 20230511 Biblioteca Lauria 996 $aProblema dei rapporti burocratico-legislativi tra Occidente e Oriente nel basso impero romano alla luce delle inscriptiones e subscriptiones delle costituzioni imperiali$93091008 997 $aUNICAMPANIA LEADER 01869nam0 22004093i 450 001 VAN0261737 005 20231031022732.184 017 70$2N$a9783642931611 100 $a20230720d1980 |0itac50 ba 101 $aeng 102 $aDE 105 $a|||| ||||| 200 1 $aVito Volterra Symposium on Mathematical Models in Biology$eProceedings of a Conference Held at the Centro Linceo Interdisciplinare, Accademia Nazionale dei Lincei, Rome December 17 ? 21, 1979$fedited by Claudio Barigozzi 210 $aBerlin$cSpringer$d1980 215 $avi, 418 p.$d24 cm 410 1$1001VAN0256120$12001 $aLecture Notes in Biomathematics$1210 $aBerlin$cSpringer$v39 606 $a00B25$xProceedings of conferences of miscellaneous specific interest [MSC 2020]$3VANC020732$2MF 606 $a92-XX$xBiology and other natural sciences [MSC 2020]$3VANC020839$2MF 610 $aBiological mathematical models$9KW:K 610 $aDynamics$9KW:K 610 $aEvolution$9KW:K 610 $aGenetics$9KW:K 610 $aMathematical biology$9KW:K 610 $aMathematics$9KW:K 610 $aPopulation$9KW:K 610 $aPopulation biology$9KW:K 620 $dBerlin$3VANL000066 702 1$aBarigozzi$bClaudio$3VANV216111 712 $aSpringer $3VANV108073$4650 801 $aIT$bSOL$c20240614$gRICA 856 4 $uhttps://doi.org/10.1007/978-3-642-93161-1$zE-book ? Accesso al full-text attraverso riconoscimento IP di Ateneo, proxy e/o Shibboleth 899 $aBIBLIOTECA DEL DIPARTIMENTO DI MATEMATICA E FISICA$1IT-CE0120$2VAN08 912 $fN 912 $aVAN0261737 950 $aBIBLIOTECA DEL DIPARTIMENTO DI MATEMATICA E FISICA$d08CONS e-book 6334 $e08eMF6334 20230731 996 $aVito Volterra Symposium on Mathematical Models in Biology$9918356 997 $aUNICAMPANIA